|
|
|
|
| LEADER |
01693nam a2200385Ia 4500 |
| 001 |
9780203984369 |
| 003 |
FlBoTFG |
| 005 |
20110119191320.0 |
| 006 |
a|||||s||||||||||| |
| 007 |
cr|||| |
| 008 |
110119s1999 enka sb 001 0 eng d |
| 020 |
|
|
|a 9780203984369 (e-book : PDF)
|
| 040 |
|
|
|a FlBoTFG
|c FlBoTFG
|d GrThAP
|
| 041 |
1 |
|
|a eng
|h fre
|
| 043 |
|
|
|a e------
|a ff-----
|a aw-----
|
| 090 |
|
|
|a TH16
|b .A33 1999
|
| 092 |
|
|
|a 690.0937
|b A194
|
| 100 |
1 |
|
|a Adam, Jean Pierre,
|d 1937-
|
| 240 |
1 |
0 |
|a Construction romaine.
|l English
|
| 245 |
1 |
0 |
|a Roman building
|h [electronic resource] :
|b materials and techniques /
|c Jean-Pierre Adam ; translated by Anthony Mathews.
|
| 260 |
|
|
|a London :
|b Routledge,
|c 1999.
|
| 300 |
|
|
|a 727 p. :
|b ill. ;
|c [ca. 23-29] cm.
|
| 500 |
|
|
|a First published in English 1994 by B.T. Batsford Ltd.
|
| 504 |
|
|
|a Includes bibliographical references (p. [708]-719) and index.
|
| 505 |
0 |
|
|a 1. Surveying -- 2. Materials -- 3. Construction using large stone blocks -- 4. Structures of mixed construction -- 5. Masonry construction -- 6. Arches and vaults -- 7. Carpentry -- 8. Wall covering -- 9. Floors -- 10. Civil engineering -- 11. Domestic and commercial architecture.
|
| 530 |
|
|
|a Also available in print edition.
|
| 533 |
|
|
|a Electronic reproduction.
|b [Boca Raton, Fla. :
|b CRC Press,
|d 2010].
|n PDF file created from digital scan of print book.
|
| 650 |
|
0 |
|a Building
|z Rome
|x History.
|
| 650 |
|
0 |
|a Architecture, Roman.
|
| 651 |
|
0 |
|a Rome
|x Antiquities.
|
| 655 |
|
7 |
|a Electronic books.
|2 lcsh
|
| 776 |
1 |
|
|z 9780415208666
|
| 776 |
1 |
|
|z 9780713471670
|
| 776 |
1 |
|
|z 0415208661
|
| 856 |
4 |
0 |
|u http://www.tandfebooks.com/isbn/9780203984369
|z Full Text via HEAL-Link
|